<?xml version="1.0" encoding="UTF-8"?>
<marc:record xmlns:marc="http://www.loc.gov/MARC21/slim">
   <marc:leader>00000nam a2200000 a 4500</marc:leader>
   <marc:datafield ind1="1" ind2=" " tag="100">
      <marc:subfield code="a">Arendt, Judith</marc:subfield>
      <marc:subfield code="4">aut</marc:subfield>
      <marc:subfield code="e">Verfasser/-in</marc:subfield>
   </marc:datafield>
   <marc:datafield ind1="0" ind2="0" tag="245">
      <marc:subfield code="a">Helle und die kalte Hand</marc:subfield>
   </marc:datafield>
   <marc:datafield ind1="0" ind2="0" tag="245">
      <marc:subfield code="b">der zweite Fall für Kommissarin Jespers</marc:subfield>
   </marc:datafield>
   <marc:datafield ind1=" " ind2="1" tag="264">
      <marc:subfield code="b">Atlantik</marc:subfield>
      <marc:subfield code="c">2019</marc:subfield>
   </marc:datafield>
   <marc:datafield ind1="1" ind2=" " tag="490">
      <marc:subfield code="a">Jütland Krimi</marc:subfield>
   </marc:datafield>
   <marc:datafield ind1="1" ind2=" " tag="520">
      <marc:subfield code="a">Der Herbst hält Einzug in Skagen und vertreibt die letzten Sommergäste. Helle Jespers, Leiterin der örtlichen Polizeistation, sehnt sich nach mehr Zeit und weniger Trubel. Doch die Ruhe währt nur kurz, denn in der Nähe der beliebten Wanderdüne Rabjerg Mile wird die Leiche einer jungen Frau gefunden. Laut Obduktion stammt sie offenbar aus dem südostasiatischen Raum. Doch niemand scheint sie zu vermissen. Die Vermutung liegt nahe, dass sie sich illegal in Dänemark aufhielt. Helle Jespers ist fest entschlossen, den ersten Mordfall in ihrer Gemeinde aufzuklären, und stößt dabei auf die Schattenseiten der scheinbar so offenen dänischen Gesellschaft.</marc:subfield>
   </marc:datafield>
   <marc:datafield ind1=" " ind2=" " tag="020">
      <marc:subfield code="a">9783455006575</marc:subfield>
      <marc:subfield code="9">9783455006575</marc:subfield>
   </marc:datafield>
</marc:record>
